000 00376nam a2200145Ia 4500
008 220803s9999 xx 000 0 und d
041 _aeng
082 _a729 SID
100 _aSID Pub.
_920255
245 _aInterior Design Traditions In India.
260 _aAhmedabad
_bResearch Cell SID
_c2006
300 _a63p
500 _aArchitecture
650 _aInterior Design
_920256
999 _c13632
_d13632